A centripetal theory of democratic governance (Record no. 339722)

MARC details
000 -LEADER
fixed length control field 00709nam a2200229Ia 4500
008 - FIXED-LENGTH DATA ELEMENTS--GENERAL INFORMATION
fixed length control field 191130s2008##################000#0#eng##
020 ## - INTERNATIONAL STANDARD BOOK NUMBER
International Standard Book Number 9780521883948
022 ## - INTERNATIONAL STANDARD SERIAL NUMBER
International Standard Serial Number 2007030488
040 ## - CATALOGING SOURCE
Original cataloging agency ACL
Transcribing agency ACL
082 ## - DEWEY DECIMAL CLASSIFICATION NUMBER
Classification number 321.8 TAR
100 ## - MAIN ENTRY--PERSONAL NAME
Personal name Gerring, John
245 ## - TITLE STATEMENT
Title A centripetal theory of democratic governance
Statement of responsibility, etc. John Gerring, Strom C. Thacker
260 ## - PUBLICATION, DISTRIBUTION, ETC.
Place of publication, distribution, etc. Cambridge
Name of publisher, distributor, etc. Cambridge University Press
Date of publication, distribution, etc. 2008
300 ## - PHYSICAL DESCRIPTION
Extent xiii, 237 p. ; 24 cm
500 ## - GENERAL NOTE
General note Includes bibliographical references (p. 191-225) and indexes
650 ## - SUBJECT ADDED ENTRY--TOPICAL TERM
Topical term or geographic name entry element Democracy
Topical term or geographic name entry element Political science
700 ## - ADDED ENTRY--PERSONAL NAME
Personal name Thacker, Strom Cronan
990 ## - EQUIVALENCES OR CROSS-REFERENCES [LOCAL, CANADA]
Link information for 9XX fields 0063a7a2ac10000c1e5b2b05921b7ccd
991 ## -
-- 134995
Holdings
Withdrawn status Lost status Materials specified (bound volume or other part) Damaged status Not for loan Home library Current library Shelving location Date acquired Total Checkouts Full call number Barcode Date last seen Price effective from Koha item type
    hbk     Anna Centenary Library Anna Centenary Library 3RD FLOOR, B WING 15.10.2020   321.8 TAR 243503 15.10.2020 15.10.2020 English Books

Find us on the map